|
|
|
|
| LEADER |
00000nac a22000007a 4500 |
| 003 |
Ucuenca |
| 005 |
20230308225441.0 |
| 008 |
171020b2008 xxu||||| |||| 00| 0 spa d |
| 999 |
|
|
|c 152704
|d 152704
|
| 020 |
|
|
|a 10: 0-321-49200-5
|
| 040 |
|
|
|b spa
|a UCuenca-cdrjbv
|c UCuenca
|e rda
|
| 041 |
0 |
|
|a eng
|
| 082 |
0 |
|
|a 005.13
|
| 110 |
2 |
|
|a Adobe Systems Incorporated.
|9 212020
|
| 245 |
|
|
|a Adobe photoshop elements
|c Adobe Systems Incorporated
|
| 264 |
|
|
|a California
|b Adobe Press
|c 2008
|
| 300 |
|
|
|a 371 páginas:
|b ilu
|c 23 cm
|e 1 CD-ROOM.
|
| 336 |
|
|
|2 rdacontent
|a texto
|b txt
|
| 337 |
|
|
|2 rdamedia
|a no mediado
|b n
|
| 338 |
|
|
|2 rdacarrier
|a volumen
|b nc
|
| 490 |
|
|
|a Classroom in a book
|n no. 6
|
| 504 |
|
|
|a incl. ref.
|
| 505 |
0 |
|
|a Getting started.- A quick tour of photoshop elements.- Basic organizing.- Advanced organizing.- Creating projects.- Printing, sharing and exporting.- adjusting color in images.- Fixing exposure problems.- Repairing and retouching images.- Working with text.- Combining multiple images.- Advanced editing techniques.
|
| 650 |
|
|
|a Photoshop
|9 212077
|
| 650 |
|
|
|a Edicion en photoshop
|9 212078
|
| 942 |
|
|
|c CR
|z nube.salto@ucuenca.edu.ec
|2 ddc
|0 2
|